| 000 | 00846nas a2200277 i 4500 | ||
|---|---|---|---|
| 001 | 2276 | ||
| 003 | ES-MaACL | ||
| 005 | 20251105125052.0 | ||
| 008 | 950801d19881989sp | | 1 ||pa d | ||
| 080 | _a(460) | ||
| 080 | _a008 | ||
| 245 | 0 | 0 |
_aTanteos _b: revista de pensamiento / _cAteneo de Madrid. |
| 260 |
_aMadrid : _bCírculo Debates, Agrupación Especial del Ateneo de Madrid, _c1988-1989. |
||
| 300 |
_a2 v. ; _c29 cm. |
||
| 310 | _aMensual | ||
| 362 | 0 | _aN. 1 (jun. 1988) - n. 5 (jun. 1989) | |
| 650 | 7 |
_aCultura _2embne _9170963 |
|
| 655 | 7 |
_2tgfbne _9226866 _aRevistas |
|
| 710 | 2 |
_aAteneo de Madrid. _bCírculo de Debates. _91956 _eedt |
|
| 710 | 2 |
_aAteneo de Madrid. _91875 _eedt |
|
| 852 | 4 |
_aES-MaACL _jHem-1891 |
|
| 866 | 0 | _o1988-89 | |
| 942 |
_2udc _cPERIODICA |
||
| 999 |
_c2276 _d2276 |
||